[Event "Anti Cheating Blitz Cup"]
[Site "Chess.com INT"]
[Date "2020.05.20"]
[Round "7"]
[White "Terry, Renato"]
[Black "Sosa, Tomas1"]
[Result "1-0"]
[WhiteElo "2504"]
[BlackElo "2514"]
[PlyCount "79"]
[EventDate "2020.05.20"]
[EventType "swiss (blitz)"]
[EventRounds "11"]
[EventCountry "USA"]
[SourceTitle "CBM 196 Extra"]
[Source "ChessBase"]
[SourceDate "2020.07.31"]
[SourceVersion "1"]
[SourceVersionDate "2020.07.31"]
[SourceQuality "1"]

1. Nf3 c5 2. e3 Nf6 3. b3 e6 4. Bb2 b6 5. g3 Bb7 6. Bg2 Be7 7. O-O O-O 8. d3 d5 9. Nbd2 Nbd7 ({RR} 9... Nc6 10. e4 b5 11. Re1 Re8 12. e5 Nd7 13. h4 a5 14. h5 a4 15. h6 a3 16. Bc1 g6 17. Nb1 b4 18. Bh3 Bf8 19. Bg5 Qc7 20. Bf4 Nd4 21. Nbd2 Nxf3+ 22. Nxf3 c4 23. d4 Rac8 24. Bf1 {Nakamura,H (2788)-Batsuren,D (2523) chess.com INT 2023 1-0 (46)}) ({RR} 9... Nc6 10. Qe2 Qc7 11. a3 Rad8 12. Rac1 e5 13. c4 d4 14. e4 g6 15. Ng5 Nh5 16. Nh3 Bc8 17. f3 Be6 18. Rf2 Rb8 19. Qf1 b5 20. f4 exf4 21. Nxf4 Nxf4 22. gxf4 bxc4 23. dxc4 Bh4 24. Rf3 {Sosa,T (2459)-Morovic Fernandez,I (2527) Buenos Aires 2017 0-1 (44)}) 10. Qe2 Re8 ({RR} 10... Qc7 11. e4 d4 12. c4 dxc3 13. Bxc3 Rfd8 14. Nc4 Rac8 15. Rfd1 Qb8 16. a4 h6 17. Nfd2 Qa8 18. a5 Qb8 19. a6 Ba8 20. f4 Ne8 21. e5 Nc7 22. Ne4 Nb5 23. Bb2 Nf8 24. h4 Nd4 25. Bxd4 {Bonte,A (2272)-Negrean,A (2040) Eforie Nord ROU 2024 1-0 (46)}) 11. e4 $146 ({RR} 11. c4 Rc8 12. Rfd1 Nf8 13. d4 Ng6 14. Rac1 Bd6 15. Ne5 Qe7 16. Ndf3 Ne4 17. Nxg6 hxg6 18. cxd5 exd5 19. dxc5 bxc5 20. Nd2 {½-½ (20) Koskinen,V (1965)-Mannberg,H (1913) Finland 2010}) 11... e5 12. Nxe5 Nxe5 13. Bxe5 Nd7 14. Bb2 Bf6 15. c3 dxe4 16. Nxe4 Bxe4 17. dxe4 Qc7 18. f4 Rad8 19. Rad1 Be7 20. e5 c4 21. Qxc4 Qxc4 22. bxc4 Nc5 23. Bd5 Kf8 24. Kg2 Rc8 25. Rd2 Red8 26. Rfd1 g6 27. g4 Na4 28. Ba1 b5 29. cxb5 Nxc3 30. Bxc3 Rxc3 31. Bb3 Rb8 32. f5 gxf5 33. gxf5 Bg5 34. Rd7 Rxb5 35. Rxf7+ Ke8 36. Rg7 Rxe5 37. Rxg5 Re2+ 38. Kg1 Rh3 39. f6 Rexh2 40. Rg8# 1-0

[Event "Silkway Cup Online"]
[Site "Playchess.com INT"]
[Date "2020.05.26"]
[Round "2"]
[White "Pantsulaia, Levan"]
[Black "Mamedyarov, Shakhriyar"]
[Result "1-0"]
[WhiteElo "2553"]
[BlackElo "2764"]
[PlyCount "24"]
[EventDate "2020.05.26"]
[EventType "swiss (blitz)"]
[EventRounds "15"]
[EventCountry "AZE"]
[SourceTitle "CBM 196"]
[Source "ChessBase"]
[SourceDate "2020.06.30"]
[SourceVersion "1"]
[SourceVersionDate "2020.06.30"]
[SourceQuality "1"]

1. Nf3 Nf6 2. g3 c5 3. Bg2 Nc6 4. O-O e5 5. e4 Nxe4 6. Re1 Nf6 7. Nxe5 Be7 8. c4 O-O 9. Nc3 Nxe5 10. Rxe5 d6 $146 ({RR} 10... Bd6 11. Re1 Re8 12. d4 Rxe1+ 13. Qxe1 cxd4 14. Nb5 Bc5 15. b4 Bf8 16. Bf4 d6 17. Nxd4 a5 18. b5 d5 19. Rc1 dxc4 20. Rc2 c3 21. Rxc3 Nd5 22. Rc4 h6 23. Bd2 Nb4 24. h3 Nd3 25. a3 {Anton Guijarro,D (2655)-Deuer,M (2326) Viernheim GER 2023 1-0 (42)}) 11. Re1 Be6 12. Bxb7 Rb8 1-0

[Event "Titled Tuesday intern op 26th May"]
[Site "Chess.com INT"]
[Date "2020.05.26"]
[Round "6"]
[White "Grandelius, Nils"]
[Black "Stany, George Anthony"]
[Result "1-0"]
[WhiteElo "2651"]
[BlackElo "2522"]
[PlyCount "63"]
[EventDate "2020.05.26"]
[EventType "swiss (blitz)"]
[EventRounds "10"]
[EventCountry "USA"]
[SourceTitle "CBM 196 Extra"]
[Source "ChessBase"]
[SourceDate "2020.07.31"]
[SourceVersion "1"]
[SourceVersionDate "2020.07.31"]
[SourceQuality "1"]

1. Nf3 Nf6 2. g3 g6 3. Bg2 Bg7 4. b3 Ne4 5. c3 c5 6. Bb2 d5 7. O-O Nc6 8. d3 Nd6 9. Nbd2 Nb5 $146 ({RR} 9... O-O 10. e4 d4 11. c4 e5 12. a3 f5 13. exf5 gxf5 14. b4 cxb4 15. axb4 Nxb4 16. c5 Nf7 17. Qb3 Nc6 18. Nc4 Be6 19. Qxb7 Bd5 20. Nh4 Rb8 21. Qa6 Bxg2 22. Nxg2 Qd7 23. Ba3 Ng5 24. Nd6 {Goric,E (2385)-Saric,A (2379) Bosnjaci 2004 ½-½ (67)}) 10. Qc2 d4 11. cxd4 Nbxd4 12. Nxd4 Nxd4 13. Bxd4 Bxd4 14. Rac1 O-O 15. Ne4 Bf5 16. e3 Bg7 17. Nxc5 Rc8 18. Bxb7 Rc7 19. Bg2 Qc8 20. b4 Rd8 21. Qb3 a5 22. a3 axb4 23. axb4 e5 24. Bd5 Bh3 25. Rfe1 Qf5 26. b5 Rdc8 27. b6 Rxc5 28. Rxc5 Rxc5 29. b7 Rc8 30. bxc8=Q+ Qxc8 31. Bxf7+ Kh8 32. Bd5 1-0

[Event "Titled Tuesday intern op 26th May"]
[Site "Chess.com INT"]
[Date "2020.05.26"]
[Round "6"]
[White "Noritsyn, Nikolay"]
[Black "Bocharov, Dmitry"]
[Result "1-0"]
[WhiteElo "2512"]
[BlackElo "2524"]
[PlyCount "45"]
[EventDate "2020.05.26"]
[EventType "swiss (blitz)"]
[EventRounds "10"]
[EventCountry "USA"]
[SourceTitle "CBM 196 Extra"]
[Source "ChessBase"]
[SourceDate "2020.07.31"]
[SourceVersion "1"]
[SourceVersionDate "2020.07.31"]
[SourceQuality "1"]

1. b3 c5 2. Bb2 Nc6 3. e3 Nf6 4. Nf3 d6 5. Bb5 Bd7 6. Nc3 $146 ({RR} 6. O-O a6 7. Bxc6 Bxc6 8. d3 Qd7 9. e4 e5 10. d4 b6 11. Nbd2 Be7 12. Nc4 Bd8 13. Nfd2 g5 14. Ne3 h5 15. Nf5 Rg8 16. Nc4 Bc7 17. Nce3 O-O-O 18. c4 {½-½ (18) Ophoff,R (2062)-Mann,G Hockenheim 2007}) ({RR} 6. O-O e5 7. d3 a6 {½-½ (7) El Gindy,E (2524)-Adly,A (2480) Lusaka 2005}) ({RR} 6. O-O g6 7. d4 cxd4 8. exd4 Bg7 9. d5 Ne5 10. Bxd7+ Nexd7 11. Re1 O-O 12. c4 a6 13. Nc3 Re8 14. Qe2 b5 15. Nd4 bxc4 16. Nc6 Qc7 17. Nxe7+ Kf8 18. Ba3 Nc5 19. Bxc5 Qxc5 20. Na4 Qc7 {Perossa,N (2277)-Poupalos,N (2216) chess.com INT 2024 0-1}) 6... a6 7. Bxc6 Bxc6 8. d4 cxd4 9. Nxd4 Bxg2 10. Rg1 Bc6 11. Nxc6 bxc6 12. Qf3 Qc7 13. O-O-O e6 14. h4 O-O-O 15. h5 h6 16. Na4 d5 17. Kb1 e5 18. Qf5+ Nd7 19. c4 dxc4 20. Bxe5 Qa5 21. Rxd7 Rxd7 22. Rd1 Bd6 23. Rxd6 1-0

[Event "EU-ch Online 2300+ Qual"]
[Site "Chess.com INT"]
[Date "2020.05.29"]
[Round "3"]
[White "Pantsulaia, Levan"]
[Black "Martirosyan, Haik M"]
[Result "1-0"]
[WhiteElo "2553"]
[BlackElo "2617"]
[PlyCount "77"]
[EventDate "2020.05.29"]
[EventType "swiss"]
[EventRounds "8"]
[EventCountry "NET"]
[SourceTitle "CBM 196 Extra"]
[Source "ChessBase"]
[SourceDate "2020.07.31"]
[SourceVersion "1"]
[SourceVersionDate "2020.07.31"]
[SourceQuality "1"]

1. Nf3 d5 2. g3 Nc6 3. c4 d4 4. Bg2 e5 5. d3 Nf6 6. O-O a5 7. e3 Be7 8. exd4 exd4 9. Na3 Nd7 10. Nb5 Nc5 11. Re1 O-O 12. Bf4 Ne6 13. Rxe6 fxe6 ({RR} 13... Bxe6 14. Nxc7 Ra7 15. Nxe6 fxe6 16. Qe2 Qc8 17. Bh3 Rf6 18. Bg5 Rg6 19. Bxe7 Nxe7 20. Nxd4 Nf5 21. Nb5 Ra6 22. d4 Rf6 23. a4 Qf8 24. Bg2 b6 25. Bb7 Ra8 26. Bxa8 Qxa8 27. d5 exd5 28. Nc7 {Pantsulaia,L (2553)-Gretarsson,H (2401) Chess.com INT 2020 1-0 (32)}) 14. Bxc7 Qd7 15. Qe2 Kh8 $146 ({RR} 15... Ra6 16. h4 Bf6 17. Bf4 Na7 18. a4 Nc6 19. Re1 Qd8 20. Bc7 Qd7 21. c5 Na7 22. Bd6 Nxb5 23. Bxf8 Kxf8 24. axb5 Qxb5 25. Qe4 Kg8 26. Ng5 Bxg5 27. hxg5 Qxc5 28. g6 hxg6 29. Qxg6 Bd7 30. Be4 {Tatar Kis,S (2376)-Szabo,B (2353) Hungary 2019 ½-½ (39)}) 16. Re1 Bf6 17. a4 Qf7 18. Bd6 Rd8 19. Ne5 Nxe5 20. Bxe5 Bxe5 21. Qxe5 Qf6 22. Qc7 e5 23. Qxe5 Bf5 24. Qxf6 gxf6 25. Bxb7 Re8 26. Rd1 Rad8 27. Bd5 Bg4 28. f3 Bd7 29. Nxd4 Bxa4 30. Ra1 Bd7 31. Rxa5 Re1+ 32. Kf2 Rd1 33. Ke3 Re8+ 34. Be4 Rh1 35. h4 Bh3 36. b4 Rb1 37. Rb5 Bd7 38. Rb7 Bc8 39. Rb8 1-0

[Event "EU-ch Online 2300+ Qual"]
[Site "Chess.com INT"]
[Date "2020.05.29"]
[Round "8"]
[White "Pantsulaia, Levan"]
[Black "Erdos, Viktor"]
[Result "1-0"]
[WhiteElo "2553"]
[BlackElo "2618"]
[PlyCount "73"]
[EventDate "2020.05.29"]
[EventType "swiss"]
[EventRounds "8"]
[EventCountry "NET"]
[SourceTitle "CBM 196 Extra"]
[Source "ChessBase"]
[SourceDate "2020.07.31"]
[SourceVersion "1"]
[SourceVersionDate "2020.07.31"]
[SourceQuality "1"]

1. Nf3 d5 2. g3 g6 3. Bg2 Bg7 4. O-O Nf6 5. b3 Ne4 6. c3 c5 7. Bb2 Nc6 8. d3 Nd6 9. Nbd2 O-O 10. e4 d4 11. cxd4 Nb5 ({RR} 11... cxd4 12. a4 Rb8 13. Ba3 b6 14. Rc1 Bb7 15. b4 Rc8 16. Qb3 Qd7 17. h4 Ne5 18. Nxe5 Bxe5 19. Kh2 Rc3 20. Rxc3 dxc3 21. Nf3 Bg7 22. b5 Rc8 23. Rc1 Ne8 24. d4 Nf6 25. Ne5 Qxd4 26. Qxf7+ {Pantsulaia,L (2553)-Svane,R (2613) Chess.com INT 2020 1-0 (42)}) 12. Rc1 Nbxd4 $146 ({RR} 12... cxd4 13. Nb1 a5 14. a4 Nc7 15. Nbd2 Na6 16. Nc4 Nab4 17. Qd2 Rb8 18. Ba3 b5 19. axb5 Rxb5 20. Bxb4 Nxb4 21. Ra1 Nc6 22. Ra3 Be6 23. Rfa1 Qb8 24. Nxa5 Nxa5 25. Rxa5 Rxb3 26. h3 Rb2 27. Qe1 {Kaustuv,K (2281)-Stany,G (2517) Guwahati 2022 ½-½ (32)}) 13. Nxd4 Bxd4 14. Bxd4 Qxd4 15. Nf3 Qd6 16. Qd2 Bg4 17. e5 Nxe5 18. Nxe5 Qxe5 19. Bxb7 Rad8 20. Rfe1 Qd6 21. Qg5 Be6 22. Be4 Rc8 23. h4 Kg7 24. Rc2 Rc7 25. Rec1 Rfc8 26. h5 h6 27. Qe3 g5 28. f4 f5 29. Bg2 Kf6 30. d4 gxf4 31. gxf4 Rd8 32. dxc5 Qd4 33. Kf2 Bf7 34. Bf3 e5 35. fxe5+ Qxe5 36. Qxh6+ Ke7 37. Re2 1-0

[Event "EU-ch Online 2300+ Final"]
[Site "Chess.com INT"]
[Date "2020.05.30"]
[Round "4"]
[White "Kobalia, Mihail"]
[Black "Martirosyan, Haik M"]
[Result "1-0"]
[WhiteElo "2614"]
[BlackElo "2617"]
[PlyCount "101"]
[EventDate "2020.05.30"]
[EventType "swiss"]
[EventRounds "8"]
[EventCountry "NET"]
[SourceTitle "CBM 196 Extra"]
[Source "ChessBase"]
[SourceDate "2020.07.31"]
[SourceVersion "1"]
[SourceVersionDate "2020.07.31"]
[SourceQuality "1"]

1. e4 e6 2. d3 d5 3. Nd2 c5 4. Ngf3 Nc6 5. g3 Nf6 6. Bg2 Bd6 7. O-O O-O 8. Re1 Bc7 9. c3 b5 ({RR} 9... e5 10. a3 dxe4 11. dxe4 b6 12. b4 cxb4 13. axb4 Be6 14. Bf1 a5 15. b5 Ne7 16. Ng5 Bg4 17. Qb3 h6 18. Ngf3 Be6 19. Bc4 Bxc4 20. Nxc4 Ng6 21. Ba3 Re8 22. Rad1 Qc8 23. Ne3 Nxe4 24. Nd5 {Nakamura,H (2768)-Kravtsiv,M (2598) chess.com INT 2023 1-0 (48)}) ({RR} 9... a5 10. a4 dxe4 11. dxe4 e5 12. Qc2 h6 13. Nc4 Be6 14. Ne3 Qe7 15. Nh4 Rfd8 16. Qe2 Qf8 17. Nef5 Ne7 18. Qf3 Nxf5 19. Nxf5 Nd7 20. g4 c4 21. g5 hxg5 22. Bxg5 f6 23. Be3 Bb6 24. Kh1 {Kshatriya,N (2133)-Vijayalakshmi,S (2332) Bengaluru IND 2025 1-0 (46)}) 10. a4 $146 ({RR} 10. e5 Nd7 11. d4 a5 12. Nf1 Ba6 13. h4 b4 14. h5 bxc3 15. bxc3 cxd4 16. cxd4 Nb4 17. h6 g6 18. Bg5 Qe8 19. Re3 Bd8 20. a3 Nc6 21. Rc1 Rc8 22. Rec3 Na7 23. Rxc8 Nxc8 24. Bxd8 Qxd8 {Vasilyev,M (2270)-Bao,K (2221) Ho Chi Minh City 2012 ½-½ (39)}) 10... b4 11. exd5 exd5 12. Nb3 Bd6 13. Be3 c4 14. dxc4 dxc4 15. Nbd4 Nxd4 16. Nxd4 Bg4 17. Bf3 Qc8 18. Nb5 Bxf3 19. Qxf3 Bc5 20. cxb4 Bxb4 21. Rec1 a6 22. Nd4 Re8 23. Nc6 Bf8 24. Rxc4 Qe6 25. Rac1 h5 26. b4 Ng4 27. Bd4 Qg6 28. h3 Nh6 29. Bc5 Nf5 30. Bxf8 Kxf8 31. b5 axb5 32. axb5 Nd6 33. Rb4 Qg5 34. Rcb1 Ra2 35. b6 Nb7 36. Rd4 Qg6 37. Rbd1 Rb2 38. Ne5 Qe6 39. Nd7+ Kg8 40. Qxb7 h4 41. g4 Rxf2 42. Re4 Qxe4 43. Qxe4 Rxe4 44. Kxf2 Rb4 45. Rc1 Rb2+ 46. Kg1 Kh7 47. Rc7 Rb1+ 48. Kf2 Rb2+ 49. Ke1 Rb1+ 50. Kd2 Rxb6 51. Nxb6 1-0

[Event "EU-ch Online 2300+ Final"]
[Site "Chess.com INT"]
[Date "2020.05.30"]
[Round "6"]
[White "Sanal, Vahap"]
[Black "Timofeev, Artyom"]
[Result "1-0"]
[WhiteElo "2581"]
[BlackElo "2580"]
[PlyCount "137"]
[EventDate "2020.05.30"]
[EventType "swiss"]
[EventRounds "8"]
[EventCountry "NET"]
[SourceTitle "CBM 196 Extra"]
[Source "ChessBase"]
[SourceDate "2020.07.31"]
[SourceVersion "1"]
[SourceVersionDate "2020.07.31"]
[SourceQuality "1"]

1. Nf3 Nf6 2. g3 g6 3. b3 Bg7 4. Bb2 O-O 5. Bg2 d5 6. c4 e6 7. O-O a5 ({RR} 7... c5 8. cxd5 exd5 9. d4 Ne4 10. Nc3 Nc6 11. Na4 c4 12. bxc4 dxc4 13. Rc1 b5 14. Ne5 Nxe5 15. Bxe4 Bh3 16. dxe5 bxa4 17. Re1 Rb8 18. Ba3 Re8 19. Bd6 Rc8 20. Bb7 Rc7 21. Bxc7 Qxc7 22. Bd5 {Carlsen,M (2838)-Salem,A (2652) Chess.com INT 2017 1-0 (37)}) ({RR} 7... c5 8. cxd5 exd5 9. d4 Ne4 10. Qc1 cxd4 11. Nxd4 Qb6 12. e3 Bd7 13. Nc3 Nxc3 14. Qxc3 Nc6 15. Qd2 Nxd4 16. Bxd4 Bxd4 17. Qxd4 Qxd4 18. exd4 Be6 19. Rac1 Rac8 20. Rfe1 Rfd8 21. Kf1 Kf8 22. h3 {Domingo Nunez,A (2316)-Weetik,V (2423) chess.com INT 2024 0-1 (82)}) 8. d3 $146 ({RR} 8. d4 Nbd7 9. Nc3 c6 10. Qd3 b6 11. e4 Ba6 12. e5 dxc4 13. bxc4 Nd5 14. Nd2 Nb4 15. Qb1 Bh6 16. Nce4 c5 17. f4 Qc7 18. Nd6 Rab8 19. a3 Nc6 20. d5 Nd4 21. dxe6 fxe6 22. Bxd4 cxd4 {Radjabov,T (2395)-Vajda,L (2484) Budapest 1999 ½-½ (43)}) 8... Nc6 9. Nc3 b6 10. Nb5 Bb7 11. Rc1 Na7 12. Nxa7 Rxa7 13. cxd5 Bxd5 14. e4 Ba8 15. Ne5 c5 16. a4 Nd7 17. Nc4 Bxb2 18. Nxb2 Ne5 19. Qd2 Rd7 20. Rfd1 Bb7 21. f4 Nc6 22. Nc4 Nd4 23. Qb2 Ba6 24. e5 Nf5 25. Be4 Nd4 26. h4 f6 27. exf6 Bxc4 28. bxc4 Rd6 29. Qh2 Qxf6 30. Rf1 e5 31. Rce1 Kg7 32. h5 Rdd8 33. Kg2 exf4 34. Rxf4 Qg5 35. hxg6 hxg6 36. Qh4 Qxh4 37. Rxh4 Rd6 38. Reh1 Nf5 39. Rh7+ Kf6 40. Rf1 Kg5 41. Rf3 Rdf6 42. Rb7 Nd6 43. Rxf6 Rxf6 44. Rd7 Kg4 45. Ba8 Nf5 46. Bf3+ Kg5 47. Rd5 Kh6 48. Re5 Rd6 49. Be4 Ne3+ 50. Kf3 Nd1 51. g4 Nc3 52. g5+ Kg7 53. Re7+ Kf8 54. Rb7 Nxa4 55. Kf4 Nc3 56. Ke5 Nxe4 57. dxe4 Rc6 58. Kd5 Rc8 59. Rxb6 Ra8 60. Kxc5 a4 61. Rxg6 a3 62. Rh6 Kg7 63. Rh1 Kg6 64. Kb6 Kxg5 65. c5 Kf4 66. Kb7 Ra4 67. c6 Kxe4 68. Rh4+ Kd5 69. Rxa4 1-0

[Event "Iberoamericano Chess24"]
[Site "chess24.com INT"]
[Date "2020.06.01"]
[Round "1.9"]
[White "Ibarra Jerez, Jose Carlos"]
[Black "Sosa, Tomas1"]
[Result "1-0"]
[WhiteElo "2561"]
[BlackElo "2514"]
[PlyCount "101"]
[EventDate "2020.06.01"]
[EventType "k.o. (blitz)"]
[EventRounds "6"]
[EventCountry "ESP"]
[SourceTitle "CBM 197 Extra"]
[Source "ChessBase"]
[SourceDate "2020.09.30"]
[SourceVersion "1"]
[SourceVersionDate "2020.09.30"]
[SourceQuality "1"]

1. Nf3 Nf6 2. g3 e6 3. Bg2 b5 4. Na3 ({RR} 4. Nd4 d5 5. Nxb5 a6 6. Nd4 c5 7. Nf3 Bb7 8. O-O Nc6 9. d3 Bd6 10. Nbd2 e5 11. e4 d4 12. Nc4 h6 13. Nh4 g6 14. f4 Bc7 15. Nf3 Nd7 16. Qe1 Qe7 17. a3 a5 18. Bd2 a4 {Alekseenko,K (2625)-Zhou,J (2624) Qinhuangdao 2018 1-0}) ({RR} 4. O-O Bb7 5. a4 b4 6. b3 a5 7. Bb2 Be7 8. e3 O-O 9. d4 c5 10. dxc5 Na6 11. Nbd2 Nxc5 12. Nd4 d5 13. Nb5 Rc8 14. Qe2 Ba6 15. Rac1 Qb6 16. Bd4 Qb7 17. Rfe1 Nce4 18. Bxf6 Bxf6 {Borgaonkar,A (2418)-Barria Zuniga,D (2341) chess.com INT 2025 ½-½ (97)}) 4... b4 $146 ({RR} 4... a6 5. O-O Bb7 6. b3 Be7 7. c4 b4 8. Nc2 a5 9. a3 d5 10. axb4 axb4 11. Rxa8 Bxa8 12. Ne5 Nbd7 13. Nxd7 Kxd7 14. d3 Qb8 15. Bb2 Rd8 16. Qa1 Ke8 17. Qa4+ Kf8 18. Ra1 c5 19. Qa6 {Ossig,R (2135)-Savchenko,D (2047) Germany 2017 ½-½ (39)}) 5. Nc4 a5 6. O-O d5 7. Nce5 Be7 8. c4 c5 9. Qa4+ Bd7 10. Nxd7 Nbxd7 11. Ne5 O-O 12. Nc6 Qe8 13. Nxe7+ Qxe7 14. d3 Nb6 15. Qc2 Rad8 16. a3 bxa3 17. b3 Ra8 18. Rxa3 Ra7 19. Bd2 h5 20. h3 Rb8 21. Rfa1 Nbd7 22. Rxa5 Rab7 23. Ra8 Qf8 24. Rxb8 Qxb8 25. Ra3 Ra7 26. Qa2 Rxa3 27. Qxa3 g6 28. Bf4 Qb7 29. Qa4 Kg7 30. Bf3 Qb6 31. cxd5 exd5 32. Kg2 Qe6 33. b4 c4 34. dxc4 dxc4 35. b5 Nb6 36. Qa1 Qf5 37. Qb2 Nbd7 38. e4 Qe6 39. Be3 Kg8 40. Qd4 Ne5 41. Be2 Nfd7 42. f4 Nd3 43. Bxd3 cxd3 44. Qxd3 Qa2+ 45. Bf2 Nf6 46. b6 Qb2 47. Qd4 Qb1 48. Qxf6 Qxe4+ 49. Kh2 Qf3 50. Qd8+ Kg7 51. Bd4+ 1-0

[Event "Iberoamericano Chess24"]
[Site "chess24.com INT"]
[Date "2020.06.16"]
[Round "2.1"]
[White "Anton Guijarro, David"]
[Black "Tristan, Leonardo"]
[Result "1-0"]
[WhiteElo "2703"]
[BlackElo "2535"]
[PlyCount "61"]
[EventDate "2020.06.01"]
[EventType "k.o. (blitz)"]
[EventRounds "6"]
[EventCountry "ESP"]
[SourceTitle "CBM 197 Extra"]
[Source "ChessBase"]
[SourceDate "2020.09.30"]
[SourceVersion "1"]
[SourceVersionDate "2020.09.30"]
[SourceQuality "1"]

1. Nf3 d5 2. g3 Nf6 3. Bg2 e6 4. O-O Be7 5. d3 c5 6. e4 dxe4 7. dxe4 Qxd1 8. Rxd1 Nxe4 9. Ne5 Nf6 ({RR} 9... Nd6 10. Na3 f6 11. Nec4 Nxc4 12. Nxc4 Nd7 13. a4 Rb8 14. a5 Nf8 15. Bf4 e5 16. Nxe5 fxe5 17. Bxe5 Nd7 18. Rxd7 Kxd7 19. Bxb8 a6 20. Rd1+ Ke8 21. Re1 Kf8 22. h4 h5 23. c3 Kf7 24. Bd5+ {Gines Esteo,P (2469)-Perea Fruet,L (2374) San Vicente ESP 2025 1-0 (38)}) 10. Nc3 Nbd7 $146 ({RR} 10... O-O 11. Bf4 Ne8 12. Be3 f6 13. Nc4 Na6 14. a3 Nac7 15. Na5 Rb8 16. Ne4 Na6 17. c3 Nec7 18. Nd6 Nd5 19. Rxd5 exd5 20. Bxd5+ Kh8 21. Nxc8 Rfxc8 22. Bxb7 Rxb7 23. Nxb7 Rc7 24. Na5 g5 25. b4 {Berkes,F (2645)-Svetushkin,D (2562) Calimanesti Caciulata 2016 ½-½ (75)}) 11. Nxd7 Nxd7 12. a4 Rb8 13. a5 O-O 14. Bf4 e5 15. Nd5 Bd6 16. Be3 Rd8 17. Rd2 Nf8 18. Rad1 Bg4 19. f3 Bf5 20. c3 Kh8 21. b4 b6 22. Nxb6 axb6 23. Rxd6 Rxd6 24. Rxd6 cxb4 25. cxb4 bxa5 26. bxa5 Rb1+ 27. Kf2 Rb2+ 28. Rd2 Rb5 29. a6 Ra5 30. Rd8 Kg8 31. a7 1-0

[Event "Iberoamericano Chess24"]
[Site "chess24.com INT"]
[Date "2020.06.16"]
[Round "2.3"]
[White "Anton Guijarro, David"]
[Black "Tristan, Leonardo"]
[Result "1-0"]
[WhiteElo "2703"]
[BlackElo "2535"]
[PlyCount "61"]
[EventDate "2020.06.01"]
[EventType "k.o. (blitz)"]
[EventRounds "6"]
[EventCountry "ESP"]
[SourceTitle "CBM 197 Extra"]
[Source "ChessBase"]
[SourceDate "2020.09.30"]
[SourceVersion "1"]
[SourceVersionDate "2020.09.30"]
[SourceQuality "1"]

1. Nf3 d5 2. g3 Nf6 3. Bg2 e6 4. O-O Be7 5. d3 c5 6. e4 Nc6 7. Bf4 O-O 8. Ne5 Nxe5 9. Bxe5 Bd7 $146 ({RR} 9... Nd7 10. Bf4 e5 11. Bd2 d4 12. a4 Bg5 13. f4 Bh6 14. Na3 exf4 15. gxf4 f5 16. e5 Nb6 17. Nb5 Be6 18. Bxb7 Rb8 19. Nd6 Nd7 20. Qe2 Kh8 21. Qg2 Qe7 22. Rae1 Rg8 23. Bd5 Rxb2 24. Bxe6 {Wieczorek,O (2495)-Sernecki,F (2335) Walbrzych POL 2024 ½-½ (65)}) 10. exd5 exd5 11. d4 Re8 12. Nc3 Bc6 13. Re1 Bf8 14. Qd3 Rc8 15. Qf5 Ne4 16. Nxe4 dxe4 17. Rad1 cxd4 18. Bxd4 Bd7 19. Qf4 Qa5 20. Bc3 Qc7 21. Qxc7 Rxc7 22. Bxe4 Rec8 23. Be5 Rc5 24. Rxd7 Rxe5 25. Bxh7+ Kxh7 26. Rxe5 Rxc2 27. Rxf7 Bc5 28. Kf1 b6 29. Re2 Rc1+ 30. Kg2 a5 31. h4 1-0

[Event "Iberoamericano Chess24"]
[Site "chess24.com INT"]
[Date "2020.07.05"]
[Round "4.1"]
[White "Bachmann, Axel"]
[Black "Supi, Luis Paulo"]
[Result "1-0"]
[WhiteElo "2599"]
[BlackElo "2572"]
[PlyCount "69"]
[EventDate "2020.06.01"]
[EventType "k.o. (blitz)"]
[EventRounds "6"]
[EventCountry "ESP"]
[SourceTitle "CBM 197 Extra"]
[Source "ChessBase"]
[SourceDate "2020.09.30"]
[SourceVersion "1"]
[SourceVersionDate "2020.09.30"]
[SourceQuality "1"]

1. e4 c5 2. Nf3 d6 3. g3 Nf6 4. d3 g6 5. Bg2 Bg7 6. O-O O-O 7. Re1 Nc6 8. c3 Bg4 9. h3 Bxf3 10. Qxf3 Nd7 11. Be3 b5 12. Qd1 b4 13. d4 bxc3 14. bxc3 cxd4 15. cxd4 Rc8 16. Na3 $146 ({RR} 16. Nc3 Qa5 17. Nd5 e6 18. Nf4 e5 19. dxe5 Ndxe5 20. Nd5 Nc4 21. Bf4 Rfe8 22. Rc1 Nb4 23. Nxb4 Qxb4 24. Qb3 a5 25. Qxb4 axb4 26. Bf1 Ne5 27. Bxe5 Bxe5 28. Bb5 Red8 29. Ba4 Rc3 30. Bb3 Rdc8 {Ghasi,A (2485)-Naroditsky,D (2619) chess.com INT 2024 0-1 (98)}) 16... Qa5 17. Nc4 Qa6 18. Bf1 Qb7 19. Rb1 Qa8 20. Qd2 Rb8 21. Rbc1 Rfc8 22. Bg2 Nb6 23. e5 d5 24. Nxb6 Rxb6 25. Bxd5 Qb8 26. e6 f5 27. Bf4 Qb7 28. Rc5 Rd8 29. Rec1 Rxd5 30. Rxd5 Qa6 31. Rdc5 Nxd4 32. Rc8+ Bf8 33. Qxd4 Rxe6 34. Bh6 Rf6 35. Bxf8 1-0

[Event "Titled Tuesday intern op 6th June"]
[Site "Chess.com INT"]
[Date "2020.06.02"]
[Round "9"]
[White "Oparin, Grigoriy"]
[Black "Le, Tuan Minh"]
[Result "1-0"]
[WhiteElo "2652"]
[BlackElo "2501"]
[PlyCount "89"]
[EventDate "2020.06.02"]
[EventType "swiss (blitz)"]
[EventRounds "10"]
[EventCountry "USA"]
[SourceTitle "CBM 196 Extra"]
[Source "ChessBase"]
[SourceDate "2020.07.31"]
[SourceVersion "1"]
[SourceVersionDate "2020.07.31"]
[SourceQuality "1"]

1. Nf3 d5 2. g3 Nf6 3. Bg2 Bg4 4. O-O Nbd7 5. d3 e5 6. h3 Bh5 7. c4 dxc4 8. dxc4 c6 9. Nc3 Qc7 10. Nh4 Bg6 $146 ({RR} 10... Rd8 11. Qc2 a5 12. b3 Bc5 13. Na4 Bd4 14. Rb1 O-O 15. e3 Ba7 16. c5 e4 17. Bb2 Ne5 18. Bxe4 Nxe4 19. Qxe4 Rfe8 20. Qf4 Bb8 21. g4 Qd7 22. Qf5 Qxf5 23. Nxf5 Bg6 24. Kg2 h5 25. Rbd1 {Movsziszian,K (2445)-Larino Nieto,D (2450) Soller 2007 1-0 (81)}) 11. Nxg6 hxg6 12. Qc2 Be7 13. Rb1 a5 14. a3 Nc5 15. b4 axb4 16. axb4 Ne6 17. e3 O-O 18. c5 Rfd8 19. Bb2 Rd7 20. Rfd1 Rad8 21. Rxd7 Rxd7 22. Rd1 Rxd1+ 23. Qxd1 b6 24. b5 cxb5 25. c6 e4 26. Nxe4 Nxe4 27. Bxe4 Nc5 28. Qd5 Nxe4 29. Qxe4 Bd6 30. Qd4 f6 31. Qd5+ Kh7 32. Qxb5 Bc5 33. Bd4 Qd6 34. Qa4 g5 35. Bxc5 bxc5 36. Qe4+ g6 37. Qe8 Qd1+ 38. Kg2 Qa4 39. Qe7+ Kh6 40. Qe8 Kh7 41. Qd7+ Kh6 42. Qd5 c4 43. c7 Qa6 44. Qd8 Qc6+ 45. Kh2 1-0